Towns Around Buffalo NY - Statistics

General Stats
  • This quiz has been taken 167 times
  • The average score is 8 of 16
Answer Stats
Answer % Correct
tonawanda
77%
Amherst
75%
orchard park
72%
cheektowaga
69%
Hamburg
69%
Williamsville
63%
West Seneca
58%
lancaster
55%
clarence
52%
Kenmore
52%
depew
51%
north tonawanda
50%
lackawana
27%
grand island
26%
Akron
19%
Wheatfield
14%
No matching quizzes found
Score Distribution
Percent of People with Each Score
Percentile by Number Answered
Your Score History
You have not taken this quiz